On This Day: November 29th Quiz Stats

 Plays Quiz Updated Nov 29, 2017

Challenge
Share
Tweet
Embed
Score 0/7 Timer 03:00
1 Play Today
Question Answer Wrong Answers
This American novelist and poet, best known as the author of ‘Little Women’, is born.
1832
Louisa May Alcott
86.2%
Jane Austen
9.2%
Margaret Fuller
2.1%
Edith Wharton
1.8%
Believing US strategy in Vietnam was failing, this Secretary of Defense announces his resignation, and becomes President of the World Bank.
1967
Robert McNamara
76.2%
Thomas Gates
10.2%
Clark Clifford
5.4%
Neil H. McElroy
5.8%
Atari announces the release of ______, the first commercially successful video game.
1972
Pong
70%
Pac-Man
19.4%
Donkey Kong
6.7%
Galaga
1.2%
This President-elect fulfills a campaign promise by traveling to Korea in an effort to find out what can be done to end the conflict.
1952
Dwight D. Eisenhower
68.6%
Richard Nixon
4.6%
Harry S. Truman
18.7%
Lyndon B. Johnson
5.9%
John VI of Portugal flees Lisbon from advancing Napoleonic forces during the Peninsular War, transferring the Portuguese court to ______.
1807
Brazil
64.3%
Guinea-Bissau
7.6%
Cabo Verde
20%
Mozambique
8%
The United Nations General Assembly approves a plan for the partition of ______.
1947
Palestine
61.8%
India
25.2%
Poland
9.7%
Mali
1.6%
US Admiral Richard E. Byrd leads the first flight over the ______, having taken off the previous afternoon.
1929
South Pole
39.7%
North Pole
52.6%
Siberian Taiga
1.7%
Mariana Trench
4.8%

You're not logged in!

Compare scores with friends on all Sporcle quizzes.
OR
Log In

You Might Also Like...

Show Comments

Extras

Top Quizzes Today


Score Distribution

Your Account Isn't Verified!

In order to create a playlist on Sporcle, you need to verify the email address you used during registration. Go to your Sporcle Settings to finish the process.

Report this User

Report this user for behavior that violates our Community Guidelines.

Details: